Quizzes
Events
Quiz Creation
Community
Videos
Private Events
Remove Ads
Sign In
Join for FREE
Feedback
Dark Mode
Quiz Categories
Sports
Geography
Music
Movies
Television
Just For Fun
Miscellaneous
History
Literature
Language
Science
Gaming
Entertainment
Religion
Holiday
For Kids
Quiz Lab
Recent
Popular Today
Quiz Kudos Today
Editor Picks
Curator Picks
Quizzes by...
Day
Popularity
Type
Ratings
Length
Year
Community
Subscriptions
Recent Discussions
Orange Saloon
Badges
Playlists
Quests
Create
Leaderboards
Showdown
Live 5
Trivia Bingo
Activity
Puzzle Library
Sporcle Events
Private Events
Virtual Trivia
Globe League
Become a Host
Pub Owners
SporcleCon
Opinionation
Our Games
Videos
Blog
Mobile Apps
Partnerships
Remove Ads and Go Orange
Feedback
Music
Pop Music
The Beatles
Song
Album
Lyrics
Bands
Singers
Artist
Clip
Rock
Rap
Classical
Billboard
Country Music
Kpop
Taylor Swift
Music
Pop Music
The Beatles
Song
Album
Lyrics
Bands
Singers
Artist
Clip
Rock
Rap
Classical
Billboard
Country Music
Kpop
Taylor Swift
Random Quiz
Search Sporcle
×
Quiz Lab
Quiz Lab
Music
Type in answers that appear in a list
Type in answers that appear in a list
Classic
Best Score? Go Orange.
Classic Alternative Rock Album Tracks Stats
Can you name the Classic Alternative Rock Album Tracks?
By
popkiller
15m
124 Questions
1,173 Plays
1,173 Plays
1,173 Plays
Comments
Comments
Give Quiz Kudos
Give Quiz Kudos
-
- Ratings
hide this ad
More Info
Replay
Link that replays current quiz
Next Quiz
Link to next quiz in quiz playlist
You Got
0%
They Got
Avg Score
40%
Avg Friend Score
Upgrade to see
Score Distribution
Jump to the score distribution portion of the page
Score
0/124
Timer
15:00
0
Plays Today
Album
Song
% Correct
NIRVANA -
Nevermind
Smells Like Teen Spirit
88.5%
PEARL JAM -
Ten
Black
80.5%
PEARL JAM -
Ten
Jeremy
79.3%
WEEZER -
Weezer (blue)
Buddy Holly
77.2%
NIRVANA -
Nevermind
Come As You Are
76.4%
NIRVANA -
Nevermind
Lithium
75.8%
SOUNDGARDEN -
Superunknown
Black Hole Sun
73.1%
GREEN DAY -
Dookie
Basket Case
72.8%
NIRVANA -
Nevermind
In Bloom
72.7%
PEARL JAM -
Ten
Alive
71.1%
PEARL JAM -
Ten
Even Flow
70.3%
RADIOHEAD -
OK Computer
Paranoid Android
70.1%
NIRVANA -
Nevermind
Polly
69.1%
SMASHING PUMPKINS -
Siamese Dream
Today
67.5%
FOO FIGHTERS -
The Colour and the Shape
Everlong
67.2%
RADIOHEAD -
OK Computer
Karma Police
66.5%
SMASHING PUMPKINS -
Siamese Dream
Cherub Rock
64.3%
WEEZER -
Weezer (blue)
Undone (The Sweater Song)
63.8%
GREEN DAY -
Dookie
Longview
61.7%
WEEZER -
Weezer (blue)
Say It Ain't So
60.6%
NIRVANA -
Nevermind
Something In the Way
60.2%
SMASHING PUMPKINS -
Siamese Dream
Disarm
59.6%
GREEN DAY -
Dookie
When I Come Around
59.4%
FOO FIGHTERS -
The Colour and the Shape
Monkey Wrench
59%
STONE TEMPLE PILOTS -
Core
Plush
57.9%
SOUNDGARDEN -
Superunknown
Spoonman
57.6%
NIRVANA -
Nevermind
Territorial Pissings
55.1%
NIRVANA -
Nevermind
On A Plain
54.3%
NIRVANA -
Nevermind
Breed
53.6%
WEEZER -
Weezer (blue)
My Name Is Jonas
53.5%
GREEN DAY -
Dookie
She
52.6%
FOO FIGHTERS -
The Colour and the Shape
My Hero
52.3%
GREEN DAY -
Dookie
Welcome to Paradise
52%
R.E.M. -
Monster
What's the Frequency, Kenneth?
51.8%
NIRVANA -
Nevermind
Drain You
50.6%
STONE TEMPLE PILOTS -
Core
Creep
50.4%
PEARL JAM -
Ten
Once
50%
SMASHING PUMPKINS -
Siamese Dream
Mayonaise
46.6%
RADIOHEAD -
OK Computer
No Surprises
46.2%
SOUNDGARDEN -
Superunknown
Fell On Black Days
45.7%
STONE TEMPLE PILOTS -
Core
Sex Type Thing
45.4%
NIRVANA -
Nevermind
Lounge Act
44.9%
Album
Song
% Correct
RADIOHEAD -
OK Computer
Airbag
44.3%
PEARL JAM -
Ten
Porch
44.2%
SOUNDGARDEN -
Superunknown
Superunknown
43.4%
PEARL JAM -
Ten
Oceans
42.7%
WEEZER -
Weezer (blue)
In the Garage
42.4%
RADIOHEAD -
OK Computer
Fitter Happier
40.9%
PEARL JAM -
Ten
Why Go
40.9%
RADIOHEAD -
OK Computer
Exit Music (For A Film)
40.6%
NIRVANA -
Nevermind
Stay Away
40.5%
RADIOHEAD -
OK Computer
Subterranean Homesick Alien
39.6%
SMASHING PUMPKINS -
Siamese Dream
Rocket
39.4%
PEARL JAM -
Ten
Release
39.2%
RADIOHEAD -
OK Computer
Electioneering
39%
WEEZER -
Weezer (blue)
Only In Dreams
38.3%
SMASHING PUMPKINS -
Siamese Dream
Silverf**k
38.2%
RADIOHEAD -
OK Computer
The Tourist
38.2%
WEEZER -
Weezer (blue)
Surf Wax America
38.1%
SOUNDGARDEN -
Superunknown
The Day I Tried to Live
37.5%
PEARL JAM -
Ten
Garden
37.3%
STONE TEMPLE PILOTS -
Core
Wicked Garden
36.4%
RADIOHEAD -
OK Computer
Lucky
36.3%
GREEN DAY -
Dookie
F.O.D.
36.2%
SMASHING PUMPKINS -
Siamese Dream
Geek USA
35.8%
SMASHING PUMPKINS -
Siamese Dream
Luna
35.3%
WEEZER -
Weezer (blue)
The World Has Turned and Left Me Here
35.2%
SMASHING PUMPKINS -
Siamese Dream
Hummer
35.1%
STONE TEMPLE PILOTS -
Core
Dead & Bloated
35%
SMASHING PUMPKINS -
Siamese Dream
Soma
34.5%
WEEZER -
Weezer (blue)
Holiday
34.4%
WEEZER -
Weezer (blue)
No One Else
34.3%
RADIOHEAD -
OK Computer
Let Down
34%
SOUNDGARDEN -
Superunknown
My Wave
33.8%
RADIOHEAD -
OK Computer
Climbing Up the Walls
33.4%
SMASHING PUMPKINS -
Siamese Dream
Quiet
33.3%
GREEN DAY -
Dookie
Burnout
33.2%
R.E.M. -
Monster
Crush With Eyeliner
31.7%
SMASHING PUMPKINS -
Siamese Dream
Spaceboy
31.6%
FOO FIGHTERS -
The Colour and the Shape
Hey, Johnny Park!
31%
PEARL JAM -
Ten
Deep
30.8%
GREEN DAY -
Dookie
Chump
29.9%
R.E.M. -
Monster
Bang and Blame
29.7%
GREEN DAY -
Dookie
Having a Blast
28.9%
Album
Song
% Correct
SOUNDGARDEN -
Superunknown
4th of July
27.8%
SOUNDGARDEN -
Superunknown
Like Suicide
27.2%
SMASHING PUMPKINS -
Siamese Dream
Sweet Sweet
26.9%
SOUNDGARDEN -
Superunknown
Let Me Drown
26.9%
FOO FIGHTERS -
The Colour and the Shape
Doll
26.9%
STONE TEMPLE PILOTS -
Core
Crackerman
25.9%
FOO FIGHTERS -
The Colour and the Shape
Walking After You
25.3%
GREEN DAY -
Dookie
Pulling Teeth
25.1%
GREEN DAY -
Dookie
Sassafras Roots
24.9%
FOO FIGHTERS -
The Colour and the Shape
February Stars
24.9%
GREEN DAY -
Dookie
In the End
24.1%
R.E.M. -
Monster
Star 69
24%
SOUNDGARDEN -
Superunknown
Limo Wreck
23.6%
SOUNDGARDEN -
Superunknown
Mailman
23.2%
SOUNDGARDEN -
Superunknown
Kickstand
23.1%
GREEN DAY -
Dookie
Coming Clean
22.9%
SOUNDGARDEN -
Superunknown
Fresh Tendrils
22.8%
GREEN DAY -
Dookie
Emenius Sleepus
21.6%
R.E.M. -
Monster
Strange Currencies
21%
R.E.M. -
Monster
Tongue
21%
FOO FIGHTERS -
The Colour and the Shape
New Way Home
20.8%
STONE TEMPLE PILOTS -
Core
Where the River Goes
20.7%
SOUNDGARDEN -
Superunknown
Half
20.3%
R.E.M. -
Monster
You
20.3%
SOUNDGARDEN -
Superunknown
Head Down
19.7%
FOO FIGHTERS -
The Colour and the Shape
My Poor Brain
19.6%
FOO FIGHTERS -
The Colour and the Shape
Wind Up
19.1%
STONE TEMPLE PILOTS -
Core
Sin
19%
FOO FIGHTERS -
The Colour and the Shape
Enough Space
19%
FOO FIGHTERS -
The Colour and the Shape
See You
18.6%
STONE TEMPLE PILOTS -
Core
Wet My Bed
18.6%
FOO FIGHTERS -
The Colour and the Shape
Up In Arms
18.5%
R.E.M. -
Monster
King of Comedy
17.6%
R.E.M. -
Monster
Let Me In
17%
STONE TEMPLE PILOTS -
Core
Naked Sunday
16.3%
R.E.M. -
Monster
Circus Envy
16.1%
R.E.M. -
Monster
I Don't Sleep, I Dream
15.5%
STONE TEMPLE PILOTS -
Core
Piece of Pie
15.4%
R.E.M. -
Monster
I Took Your Name
14.5%
STONE TEMPLE PILOTS -
Core
No Memory
13.7%
Quiz Playlist
Details
Report
Send in Message
Add To Playlist
More Info:
Name the tracks on these "Classic" Alternative Rock albums. Debate which albums actually belong here in the comments.
Classic:
Type in answers that appear in a list
Last Updated: Jul 26, 2017
Quiz Scoreboard
CHALLENGE
Sign Up to Join the Scoreboard
Show All
Scores
Hide
Comments
May contain spoilers
Recently Published
An Introduction to Baseball
by treessimontrees
Sports
5m
Movies - When Are They Set?
by FPL_Elf
Movies
5m
Popular People in 1961
by mucciniale
History
6m
More to Explore
Quiz From the Vault
Featured Blog Post
Where Did the Easter Bunny Come From?
hide this ad
You Might Also Like...
Tags
This quiz does not have any tags.
Today's Top Quizzes in Music
Browse Music
hide this ad
Top Contributed Quizzes in Music
1
Taylor Swift All Songs (2024)
2
Guess the Artist- 70s Songs
3
KPOP LOGIC QUIZ
4
One Thing in Common: Music
5
2010s Album by Cover III
6
Guess the Taylor Swift song (Mystery Song)
7
Taylor Swift Logic Puzzle
8
2010s Album by Cover IV
9
2010s Album by Cover V
10
Kpop Logic Quiz
Explore More
Trending Topics
Marvel
Kpop
Harry Potter
Crossword
Disney
NBA
Anime
Puzzle
Country
The Office
NFL
Song
Soccer
Pokémon
WWE
hide this ad
More By:
popkiller
Quiz
Plays
Rating
Category
Featured
Created
Origins of 20 Alternative Band Names
35,985
4.78
Music
Feb 27, 2015
Lesser Known Bands (1990s)
20,612
4.47
Music
Sep 10, 2013
10 to 1 Countdown: 90s Alt Rock Edition
5,353
4.13
Music
Jun 27, 2014
Origins of 25 Alternative Band Names 2
4,657
4.59
Music
Mar 16, 2015
12 to 1 Countdown: Star Wars Edition
4,294
4.74
Movies
Dec 17, 2015
Go to Creator's Profile
Score Distribution
Quiz Creator Spotlight
popkiller
Follow
Send a Message
Quizzes Created
-
Created Quiz Play Count
-
More By This Creator
Popular Quizzes Today
1
Find the Countries of Europe - No Outlines Minefield
2
Find the US States - No Outlines Minefield
3
The Countries of the World
4
Popular People in 1961
5
Find the US States
6
US States
7
1-10 Letter E Words III
8
Risky Map Clicking: Biggest States A-Z
More Music Quizzes
Songs of 2006
Published
Trending Quizzes
Risky Map Clicking: Least Populous States A-Z
1-10 Letter F Words
1-10 Letter G Words
Not Quite an Element Typing Challenge
One Thing in Common: United Kingdom
Recently Updated
Leaping Animals
pecheneg
Reality TV Shows (A-Z)
bhenderson79
Rickey Henderson's Hall of Fame Teammates
pecheneg
Champions League XIs: Arsenal
pecheneg
Quick Pick: Celebrities in WWE's Hall of Fame
aduchscher
A-Z Keypad Blitz II
pecheneg
Multiple Oscar Actors
pecheneg
Mystery Phrase Blitz: Oscar 'Best Actors'
pecheneg
F. Scott Fitzgerald Novels
LTH
Pick 3 Villains
ddd62291
Trending Topics
Kpop
Harry Potter
Anime
Marvel
Disney
NBA
Crossword
Country
Soccer
Puzzle
Pokémon
The Office
WWE
NFL
Song
Your Account Isn't Verified!
In order to create a playlist on Sporcle, you need to verify the email address you used during registration. Go to your
Sporcle Settings
to finish the process.
Report this User
Report this user for behavior that violates our
Community Guidelines
.
Details:
Send Report
Go to the Sporcle.com Mobile Site →
Comments